[Event "Capablanca Memorial Elite 31st"]
[Site "Cienfuegos"]
[Date "1996.??.??"]
[Round "7"]
[White "Nogueiras Santiago, Jesus"]
[Black "Arencibia Rodriguez, Walter"]
[Result "0-1"]
[WhiteElo "2555"]
[BlackElo "2515"]
[Annotator "Kantsler,B"]
[PlyCount "66"]
[EventDate "1996.05.??"]
[EventType "tourn"]
[EventRounds "13"]
[EventCountry "CUB"]
[EventCategory "12"]
[SourceTitle "CBM 054"]
[Source "ChessBase"]
[SourceDate "1996.10.01"]
[SourceVersion "1"]
[SourceVersionDate "1996.10.01"]
[SourceQuality "1"]

1. d4 Nf6 2. Nf3 c5 3. d5 b5 4. Bg5 Ne4 (4... Bb7 5. Bxf6 exf6 6. e4 c4 7. Be2
Bc5 8. O-O a6 9. a4 Qb6 10. c3 $5 O-O 11. Nd4 $14 {Khalifman,A-Fominyh,A/
RUS-ch/1995/1:0/53/}) (4... d6 5. Bxf6 exf6 6. e4 a6 7. a4 b4 8. Bd3 g6 9. a5
Bg7 10. c3 O-O 11. O-O Nd7 12. Bc2 Rb8 $15 {Bates,R-Adams,M/Hastings/1995/0:1/
36/}) (4... g6 5. Bxf6 exf6 6. e4 Qe7 7. Nbd2 a6 8. a4 f5 9. Qe2 Bb7 10. axb5
Bg7 11. exf5 $14) (4... Qb6 5. Bxf6 Qxf6 6. c3 Qb6 7. e4 g6 8. Nbd2 Bg7 9. a4
b4 10. Nc4 Qb7 11. e5 $14 {Kaidanov,G-Alburt,L/New York(op)/1994/1:0/21/}) 5.
Bh4 Qb6 (5... Qa5+ 6. c3 $1 b4 7. Qc2 bxc3 8. bxc3 Nd6 9. e4 g6 10. Nbd2 Ba6
11. Bxa6 Nxa6 $16 {Epishin,V-Martynov,P/Frunze/1989/0,5/18/}) 6. Nbd2 f5 $1 (
6... Nxd2 7. Nxd2 d6 8. e4 $14) 7. Nxe4 fxe4 8. Nd2 Qh6 (8... Qg6 $6 9. e3 Bb7
10. c4 $14) 9. Bg3 e3 $5 10. fxe3 d6 (10... Qxe3 11. a4 $1 b4 (11... bxa4 $2
12. Rxa4 $16 {/\Bf4/}) 12. Bf2 Qe5 13. Nc4 Qe4 14. Qd3 Qxd3 15. cxd3 d6 16. d4
$16) 11. e4 Nd7 12. e3 $5 (12. e5 $5 $13) (12. Nf3 $5 Nf6 13. Qd3 (13. e5 Ne4
14. Bh4 dxe5 15. Qd3 Nd6 $13) 13... Rb8 $13) 12... Qxe3+ 13. Be2 Rb8 14. Bf2
Qh6 15. O-O g6 16. a4 $1 b4 17. Nc4 Bg7 18. Be3 g5 $8 (18... Qh4 $2 19. g3 Qxe4
(19... Qh3 $4 20. Bg4) 20. Bd3 (20. Rf4 $18) 20... Qxd5 21. Bxg6+ $18) 19. Qd2
Qg6 (19... Bf6 $5) 20. h4 $1 (20. Bxg5 Rg8 $1) 20... Ne5 $5 (20... gxh4 $2 21.
Rf5 $1 {/\ Bh5,Rg5+/-/}) 21. Bxg5 Nxc4 22. Bxc4 Bxb2 23. e5 $5 (23. Rab1 Bd4+
24. Kh1 $13) 23... h6 $5 (23... Bxa1 24. Rxa1 $44) (23... Bxe5 24. Rae1 $36)
24. Bf4 Bd4+ 25. Kh1 dxe5 26. Bh2 Bxa1 27. Rxa1 Qe4 28. Bd3 (28. Bb5+ $5 Bd7
29. Re1 $44) 28... Qxh4 29. Bg6+ Kd8 30. Qe3 (30. d6 $5 $44 Qd4 31. Qe1 exd6
32. Rd1 Qc3 33. Qh4+ Kd7 34. Qf6 $18) 30... Rb7 31. Rf1 Rg8 32. Qxe5 $2 (32.
Be4 $5 $44) 32... Qg5 $1 (32... Rxg6 $2 33. Rf8+ Kd7 34. Qf5+ e6 35. dxe6+ (35.
Qxg6 $2 Qe1+ 36. Bg1 Qh4+ $10) 35... Kc6 (35... Rxe6 36. Qd5+ Ke7 37. Qd8#) (
35... Ke7 36. Qf7#) 36. Rxc8+ Kb6 37. Qxc5+ Ka6 38. Rc6+ Rb6 39. Qb5+ Kb7 40.
Rc7+ Ka8 41. Qe8+ Rb8 42. Qc6+ $18) 33. Qg7 $2 (33. Qe4 Qxg6 34. Rf8+ Kd7 $19)
(33. Qxg5 $8 hxg5 34. Bd3 $17) 33... Qxg2+ $1 (33... Rxg7 $4 34. Rf8+ Kd7 35.
Be8+ Kd8 36. Bc6#) (33... Qxg2+ 34. Kxg2 Rxg7 35. Rf8+ Kd7 $19) 0-1

[Event "Hastings 9091"]
[Site "Hastings"]
[Date "1990.12.??"]
[Round "2"]
[White "Kosten, Anthony C"]
[Black "Olafsson, Helgi"]
[Result "1/2-1/2"]
[WhiteElo "2510"]
[BlackElo "2595"]
[Annotator "King,D"]
[PlyCount "56"]
[EventDate "1990.12.??"]
[EventType "tourn"]
[EventRounds "14"]
[EventCountry "ENG"]
[EventCategory "13"]
[SourceTitle "CBM 022"]
[Source "ChessBase"]
[SourceDate "1991.06.01"]
[SourceVersion "1"]
[SourceVersionDate "1991.06.01"]
[SourceQuality "1"]

1. e4 c5 2. f4 g6 3. d4 $1 Bg7 4. d5 $14 d6 5. Nc3 e6 (5... Nf6 6. Bb5+ $1) 6.
dxe6 Bxc3+ 7. bxc3 Bxe6 8. Nf3 Nc6 9. Bd3 Qd7 10. f5 $16 gxf5 11. exf5 Bd5 12.
O-O O-O-O 13. Bb5 a6 14. Be2 Bxf3 15. Bxf3 Ne5 16. f6 Nxf6 17. Bg5 Nfg4 18. Be4
Rhg8 19. Bf5 Rxg5 20. Bxd7+ Rxd7 21. Qd2 h6 22. Qe2 f5 23. Rad1 Kc7 24. Rd5 Re7
25. h4 Rgg7 26. Rd2 Rgf7 27. g3 h5 28. Rdd1 Rf6 1/2-1/2

[Event "Olympiad-32"]
[Site "Yerevan"]
[Date "1996.09.28"]
[Round "12.2"]
[White "Cramling, Pia"]
[Black "Arencibia Rodriguez, Walter"]
[Result "1-0"]
[WhiteElo "2545"]
[BlackElo "2555"]
[Annotator "Lempert,I"]
[PlyCount "73"]
[EventDate "1996.09.15"]
[EventType "team-swiss"]
[EventRounds "14"]
[EventCountry "ARM"]
[SourceTitle "CBM 055"]
[Source "ChessBase"]
[SourceDate "1996.12.01"]
[SourceVersion "1"]
[SourceVersionDate "1996.12.01"]
[SourceQuality "1"]
[WhiteTeam "Sweden"]
[BlackTeam "Cuba"]
[WhiteTeamCountry "SWE"]
[BlackTeamCountry "CUB"]

1. d4 c5 2. d5 g6 3. e4 Bg7 4. c4 d6 5. Bd3 e6 6. h3 Ne7 $5 7. Nf3 O-O 8. Nc3
Nd7 9. O-O h6 (9... exd5 10. cxd5 h6 $5) 10. dxe6 fxe6 11. Be3 g5 $2 (11... Nc6
$5) (11... e5) 12. e5 $1 Nxe5 (12... dxe5 13. Bc2 Nf5 14. Qd3 b6 (14... Rf7 15.
Bxc5 $16) 15. Rad1 $16) 13. Nxe5 Bxe5 14. Qh5 Bg7 (14... Nf5 15. Qg6+ Bg7 (
15... Kh8 16. Bxf5 Rxf5 17. Qxh6+ Kg8 18. Ne4 $16) 16. g4 Nh4 17. Qh7+ Kf7 18.
f4 $18) (14... Kg7 15. Bxg5 $16) 15. Bxg5 Qe8 16. Qxe8 Rxe8 17. Bf4 $16 Nf5 18.
Bxf5 exf5 19. Nd5 Re4 20. Rae1 $1 b6 21. Rxe4 fxe4 22. Nc7 Rb8 23. b3 Bd7 24.
Rd1 Bd4 25. Bxh6 b5 26. cxb5 Rb7 27. Nd5 Bxb5 28. Be3 Be5 29. Bf4 Bd4 30. Bxd6
Rd7 $6 31. Rxd4 $1 cxd4 32. Nf6+ Kf7 33. Nxd7 Bxd7 34. Kf1 $18 a6 35. Bc5 d3
36. Ke1 Bc6 37. Be3 1-0

[Event "ARM-ch 72nd"]
[Site "Yerevan"]
[Date "2012.01.20"]
[Round "9"]
[White "Grigoryan, Karen H"]
[Black "Minasian, Artashes"]
[Result "1-0"]
[WhiteElo "2482"]
[BlackElo "2525"]
[Annotator "Let's Check"]
[PlyCount "77"]
[EventDate "2012.01.11"]
[EventType "tourn"]
[EventRounds "11"]
[EventCountry "ARM"]
[EventCategory "13"]
[SourceTitle "CBM 147"]
[Source "ChessBase"]
[SourceDate "2012.03.16"]
[SourceVersion "1"]
[SourceVersionDate "2012.03.16"]
[SourceQuality "1"]

1. Nf3 g6 2. g3 Bg7 3. d4 Nf6 4. Bg2 O-O 5. O-O c5 6. d5 d6 7. Nc3 Na6 8. h3
Nc7 9. a4 b6 10. e4 Bb7 11. Nd2 Qd7 12. Re1 e6 13. dxe6 Nxe6 14. Nc4 Rad8 15.
Nd5 Rfe8 16. c3 Nxd5 17. exd5 Nc7 18. Rxe8+ Rxe8 19. Bf4 Be5 20. Bxe5 dxe5 21.
d6 Bxg2 22. Kxg2 Qc6+ 23. Kg1 Nd5 24. Qb3 Nf6 25. Qb5 Qd5 26. Re1 e4 27. b4 Rd8
28. bxc5 bxc5 29. Ne3 Qd2 30. Rd1 Qxc3 31. Qa6 Rd7 32. Nd5 $6 (32. Qc8+ Kg7 33.
Rb1 $18) 32... Nxd5 33. Qc8+ Kg7 34. Qxd7 e3 $6 (34... Ne3 35. Rb1 Qd4 $14) 35.
Qe8 $18 exf2+ 36. Kxf2 Qf6+ 37. Kg1 Qxd6 38. Qe3 c4 $2 (38... Nxe3 39. Rxd6 a5)
39. Qd4+ 1-0

[Event "EU-ch 13th"]
[Site "Plovdiv"]
[Date "2012.03.28"]
[Round "8"]
[White "Volkov, Sergey"]
[Black "Rasulov, Vugar Ural Oglu"]
[Result "1-0"]
[WhiteElo "2623"]
[BlackElo "2526"]
[Annotator "Let's Check Training"]
[PlyCount "77"]
[EventDate "2012.03.20"]
[EventType "swiss"]
[EventRounds "11"]
[EventCountry "BUL"]
[SourceTitle "CBM 148"]
[Source "ChessBase"]
[SourceDate "2012.05.16"]
[SourceVersion "1"]
[SourceVersionDate "2012.05.16"]
[SourceQuality "1"]

1. d4 Nf6 2. Nf3 c5 3. d5 b5 4. Bg5 Ne4 5. Bf4 Bb7 6. a4 Nf6 7. e4 Nxe4 8. axb5
d6 9. Bc4 g6 10. O-O Bg7 11. Re1 Nf6 12. Qe2 O-O 13. Qxe7 Bxd5 14. Qxd8 Rxd8
15. Nbd2 h6 16. c3 Bf8 17. Bg3 Nbd7 18. Bxd5 Nxd5 19. Nc4 N7b6 20. Nfd2 f5 21.
f3 Kf7 22. Red1 g5 23. Ra6 Be7 24. Rda1 Nc8 25. Rc6 Rb8 26. Rxc5 $1 Ncb6 27.
Rc6 Ke6 28. Rxa7 Nxc4 29. Nxc4 Rxb5 (29... f4 30. Bf2 Rxb5 $18) {[%tqu "En","",
"","","g3d6","",10]} 30. Bxd6 $1 $18 Bxd6 31. Raa6 Ke7 32. Nxd6 Rxb2 33. Nxf5+
Kf8 34. Rxh6 Rb1+ 35. Kf2 Rb2+ 36. Kg3 Nf4 37. Rh8+ Kf7 38. Rh7+ Ke8 39. Re7+
1-0

[Event "Manresa op"]
[Site "Manresa"]
[Date "1993.??.??"]
[Round "6"]
[White "Marin, Mihail"]
[Black "Efimov, Igor"]
[Result "1-0"]
[WhiteElo "2515"]
[BlackElo "2490"]
[Annotator "Marin,M"]
[PlyCount "105"]
[EventDate "1993.??.??"]
[EventType "swiss"]
[EventRounds "9"]
[EventCountry "ESP"]
[SourceTitle "EXT 1997"]
[Source "ChessBase"]
[SourceDate "1996.11.15"]
[SourceVersion "1"]
[SourceVersionDate "1996.11.15"]
[SourceQuality "1"]

1. d4 e6 2. g3 $5 (2. c4 Nf6 3. g3 c5 4. d5 exd5 5. cxd5 d6 6. Nc3 g6) 2... c5
3. Nf3 Qa5+ 4. c3 cxd4 5. Qxd4 (5. Nxd4 Qd5 $2 6. f3 e5 7. e4 Qd6 8. Nb5) 5...
Nc6 6. Qd3 d5 7. Bg2 Nf6 8. O-O Be7 (8... e5 9. Nfd2 Be6 10. Nb3 Qc7 11. Bg5)
9. b4 $5 Qa4 (9... Qc7 10. b5 Na5 11. Bf4 Qd8 12. Nbd2) 10. a3 O-O 11. Bb2 b6
$2 (11... e5 12. Qd1 Qxd1 13. Rxd1 e4 14. Nfd2 Ne5 15. c4 Nxc4 16. Nxc4 dxc4
17. Nd2 Be6 18. Nxe4 Nxe4 19. Bxe4 Rac8 20. Bc3 (20. Bxb7 Rc7 21. Be4 c3 22.
Bc1 c2) 20... b5 21. a4 a6 22. axb5 axb5 23. Ra5 $36) 12. c4 $1 dxc4 (12... Ba6
13. Nc3 Qb3 14. Nxd5 $1 Qxb2 15. Nxe7+ Nxe7 16. Rfb1 Bxc4 17. Qxc4 Rac8 18. Qa6
Qc3 19. Qxa7 $14) 13. Qxc4 Ba6 14. Qc1 Nd8 (14... Bxe2 15. Nc3 Qa6 16. Nxe2
Qxe2 17. Re1 Qb5 18. a4 Qxb4 19. Ba3 Qb3 20. Re3 Qd5 21. Ne5 $18) (14... Nd5
15. e4 Bxf1 16. Bxf1 Nf6 17. Nc3 Qb3 18. Nd2) 15. Nc3 Qe8 16. b5 Bb7 (16...
Bxb5 17. Nxb5 Qxb5 18. Nd4 $18) 17. Rd1 Rc8 18. Qf4 a6 $6 (18... Nd7 $5) 19. a4
a5 20. Ne5 Bxg2 21. Kxg2 Bb4 22. Qf3 Qe7 23. Rac1 {/\ Nd5} Qb7 24. Ne4 $1 (24.
Qxb7 $2 Nxb7 25. Nc6 Nc5 $1 {xa4}) 24... Nd5 (24... Rxc1 25. Nxf6+ gxf6 26. Nc6
Rc5 (26... Rxd1 27. Qg4+ Kh8 28. Bxf6#) 27. Qxf6 e5 28. Rxd8 Rxd8 29. Qxd8+ Kg7
30. Qg5+ Kf8 31. Bxe5 Rxc6 32. Qd8#) (24... Nxe4 25. Rxc8 Qxc8 26. Qxe4 {
/\ Nd7+-}) 25. Rxd5 $1 exd5 (25... Rxc1 26. Rxd8 Rxd8 27. Nf6+ gxf6 28. Qxb7)
26. Nf6+ gxf6 (26... Kh8 27. Rxc8 Qxc8 28. Qh5 h6 29. Qxf7) 27. Qg4+ Kh8 28.
Rxc8 Ne6 (28... fxe5 29. Bxe5+ f6 30. Rc7) 29. Nc6 d4 30. Rxf8+ Bxf8 31. Bxd4
Bg7 32. Qf3 Ng5 33. Qd5 Ne6 34. Bc3 Qc8 35. Qf5 Qd7 36. Bxf6 Kg8 37. Bxg7 Kxg7
38. Qg4+ Kf8 39. Qe4 f6 40. h4 Nc5 41. Qf4 Kg7 42. Kh2 h5 43. e4 Qg4 44. Qc7+
Qd7 45. Qxb6 Nxe4 46. Qa7 Qxa7 47. Nxa7 Nc5 48. b6 Kf7 49. Nc6 Nb7 50. g4 hxg4
51. Kg3 f5 52. Kf4 Kf6 53. Nd4 1-0

[Event "Candidates Tournament"]
[Site "Kazan"]
[Date "2011.05.08"]
[Round "1.4"]
[White "Gelfand, Boris"]
[Black "Mamedyarov, Shakhriyar"]
[Result "1/2-1/2"]
[WhiteElo "2733"]
[BlackElo "2772"]
[Annotator "Marin,M"]
[PlyCount "48"]
[EventDate "2011.05.05"]
[EventType "k.o."]
[EventRounds "3"]
[EventCountry "RUS"]
[SourceTitle "CBM 143"]
[Source "ChessBase"]
[SourceDate "2011.07.15"]
[SourceVersion "1"]
[SourceVersionDate "2011.07.15"]
[SourceQuality "1"]

1. d4 c5 2. d5 Nf6 3. Nc3 g6 4. e4 d6 5. Bb5+ Nbd7 ({Another famous "must win
with Black" game went slightly differently:} 5... Bd7 6. a4 Bg7 7. Nf3 O-O 8.
O-O Na6 9. Re1 Nb4 10. h3 e6 11. Bf4 e5 12. Bg5 Bc8 13. Nd2 h6 14. Bh4 g5 {
We see here a similar picture as in the game from Kazan: left without
constructive dieas, Black embarks on a pseudo attack based on ...g5, which
will leave his kingside desperately weak.} 15. Bg3 g4 16. hxg4 Nxg4 17. f3 Nf6
18. Bh4 Kh8 19. Ne2 Rg8 20. c3 Na6 21. Ng3 Qf8 22. Ndf1 Nh7 23. Ne3 {White had
a crushing advantage in Kasparov,G (2690)-Beliavsky,A (2570)/Moscow 1983/
Candidates/[Kasparov] (1-0, 32). The then future World Champion did not agree
to a draw as easily as Gelfand, but it must be said that he was leading in the
match by a larger margin, which offered him a safety net.}) 6. a4 Bg7 7. Nf3 a6
8. Bc4 h6 $6 $146 {A dubious experiment, but othrwise it is difficult to
undertake anything active.} 9. O-O g5 10. Be2 Qc7 11. a5 Nf8 12. Nd2 Ng6 13.
Nc4 Bd7 14. Nb6 Rd8 15. Be3 e5 {We have reached the same structure as in
Kasparov-Beliavsky.} 16. Nxd7 Qxd7 17. f3 Ke7 18. Na4 h5 {A desperate (and
unsuccessful) attempt to change the course of the game and of the match.} 19.
Nb6 Qc7 20. Bxg5 Bh6 21. Bxf6+ Kxf6 22. g3 Rdg8 23. Kh1 Ke7 24. Ra3 Rg7 {
And, realising that he simply is a pawn down in a worse position, Black
offered a draw.} 1/2-1/2